| 000 | 00770nam a2200181 4500 | ||
|---|---|---|---|
| 005 | 20250411150358.0 | ||
| 008 | 250411b |||||||| |||| 00| 0 eng d | ||
| 020 | _a9781788736015 | ||
| 037 | _cTextual | ||
| 040 |
_aRTL _cRTL |
||
| 084 |
_aY:(R) R0 _qRTL |
||
| 100 | _aJay martin | ||
| 245 | _aSplinters in your eye: Frankfurt school provocations | ||
| 260 |
_aLondon _bVerso _c2020 |
||
| 300 |
_axi, 237 p. _bIncludes, bibliographical reference and index |
||
| 520 | _aAlthough successive generations of the Frankfurt School have attempted to adapt Critical Theory to new circumstances, the work done by its founding members continues in the 21st century to unsettle conventional wisdom about culture, society and politics. | ||
| 942 |
_2CC _n0 _cTB _hY:(R) R0 |
||
| 999 |
_c1308881 _d1308881 |
||